Представление документа в формате RUSMARC

ПолеНазваниеЗначение
  Тип записи a
  Библиографический уровень m
001 Контрольный номер RU/CBS_UL/BASE/551358070
005 Дата корректировки 20250120163624.4
010 Индекс ISBN __
a ISBN 978-5-9910-0232-5
b Уточнения в пер.
d Цена 62 р. 91 к.
9 Тираж 12 000 экз.
100 Данные общей обработки __
a Данные общей обработки 20170621d2017 ||| 0rusy0189 ca
101 Язык документа 0_
a Язык текста rus
102 Страна публикации __
a Страна публикации RU
105 Кодированные данные (монография) __
a Кодированные данные (монография) y###||||000|y
200 Заглавие и сведения об ответственности 1_
a Заглавие Тайны и феномены эпох
b Общее обозначение материала Текст
e Сведения, относящиеся к заглавию от древних времен до наших дней
f Первые сведения об ответственности Ю. С. Пернатьев
210 Выходные данные 0_
a Место издания Харьков
210 Выходные данные 0_
a Место издания Белгород
c Издательство Книжный клуб "Клуб семейного Досуга"
d Дата издания 2008
215 Физическое описание __
a Объем 317 с.
d Формат 20,5 см.
300 Общие примечания __
a Общие примечания 16+
606 Тематические рубрики 0_
a Основная рубрика Всемирная история
610 Ключевые слова 0_
a Ключевые слова история мировая
a Ключевые слова загадки исторические
a Ключевые слова тайны
a Ключевые слова эпохи
a Ключевые слова цивилизации исчезнувшие
a Ключевые слова пирамиды
a Ключевые слова тамплиеры
a Ключевые слова Третий рейх
a Ключевые слова организации террористические
a Ключевые слова инопланетяне
686 Индексы других классификаций __
a Классификационный индекс 63.3(0)
2 Код системы ББК
700 Автор _1
a Фамилия Пернатьев
b Имя (инициалы) Ю. С.
g Полное личное имя Юрий Сергеевич
801 Источник записи _0
a Страна RU
b Организация МБУК ЦБС
c Дата составления 20170621
g Правила каталогизации RCR
801 Источник записи _1
a Страна RU
b Организация МБУК ЦБС г. Ульяновска
c Дата составления 20170621
g Правила каталогизации RCR
899 Данные о местонахождении __
i Авторский знак Т 14
j Расстановочный фильтр 63.3(0)
901 Тип документа __
t Тип документа m
910 Корректоры записи __
a Корректор записи Мазина